| 000 | 00552nam a22001457a 4500 | ||
|---|---|---|---|
| 008 | 150326b xxu||||| |||| 00| 0 eng d | ||
| 020 | _a9780309063647 | ||
| 050 | _aQH362.T435 1998 | ||
| 100 |
_aNational academy of sciences _916580 |
||
| 245 |
_aTeaching about evolution and the nature of science _c/by The National academy of sciences |
||
| 260 |
_aWashington, DC _bNational Academy Press _c1998 |
||
| 300 |
_aix,140p. ; _c28cm. |
||
| 650 |
_aNational academy of sciences (US) working group on teaching evolution _916581 |
||
| 942 |
_2lcc _cMONOGRAPH |
||
| 999 |
_c122504 _d122504 |
||